Cien años de soledad /

Guardado en:
Autor Principal: García Márquez, Gabriel José de la Concordia
Formato: Libro
Publicado: Buenos Aires : Sudamericana Planeta, 1995
Materias:
Etiquetas: Agregar Etiqueta
Sin Etiquetas, Sea el primero en etiquetar este registro!
LEADER 00951nam a22002775a 4500
001 CEM.cems015891
005 20130422165058.0
008 130507s1995##################000#0#####d
003 CEMS
020 |a 8448704010 
082 0 4 |a C863.4 
100 1 |a García Márquez, Gabriel José de la Concordia 
245 1 0 |a Cien años de soledad /  |c Gabriel García Márquez 
260 |a Buenos Aires :  |b Sudamericana Planeta,  |c 1995 
300 |a 549 p. 
653 |a Literatura 
653 |a Literatura colombiana 
653 |a Novela 
653 |a Literatura colombiana-siglo xx 
653 |a Narrativa 
653 |a Boom latinoamericano 
653 |a Narrativa 
859 |a CEMS  |b BIB. CEMS - Agricultura  |h C863.4  |i G165-5  |p A0112.00  |t Ej.1 
859 |a CEMS  |b BIB. CEMS - Agricultura  |h C863.4  |i G165-5  |p A0113.00  |t Ej.2 
859 |a CEMS  |b BIB. CEMS - Agricultura  |h C863.4  |i G165-5  |p A0114.00  |t Ej.3 
859 |a CEMS  |b BIB. CEMS - Agricultura  |h C863.4  |i G165-5  |p A0115.00  |t Ej.4